Statistics for Guess the Taylor Swift Song (no hints) 56

Click here to take the quiz!

General Stats

  • This quiz has been taken 56 times
  • The average score is 357 of 415

Answer Stats

Answer% Correct
I,
100%
I
100%
a
98%
love
98%
me
98%
the
98%
you
98%
You
98%
an
96%
And
96%
and
96%
it
96%
Like
96%
Oh,
94%
our
94%
to
94%
with
94%
in
92%
was
92%
we
92%
were
92%
Yeah,
92%
yeah,
92%
but
90%
But
90%
First
90%
first
90%
how
90%
it's
90%
know,
90%
know
90%
my
90%
My,
90%
So,
90%
time
90%
time,
90%
who
90%
your
90%
as
86%
could
86%
Dancing
86%
dancing
86%
Hands
86%
hands
86%
I'd
86%
If
86%
I'm
86%
of
86%
that
86%
tied)
86%
tied,
86%
tied
86%
feeling
84%
had
84%
no
84%
one
84%
bad
82%
can
82%
out
82%
said
82%
there
82%
without
82%
dance
80%
forever
80%
knew
80%
loved
80%
reason
80%
secret
80%
been
78%
world
78%
would
78%
baby,
76%
could've
76%
say
76%
say,
76%
us
76%
golden
75%
nothing
75%
old
75%
twenty-five
75%
years
75%
blue,
73%
face
73%
frozen
73%
locket
73%
painted
73%
pockets
73%
close
71%
Deep
71%
got
71%
held
71%
invisible
71%
stop
71%
again
69%
'cause
69%
kiss
69%
oasis
69%
Picture
69%
sight,
69%
through
69%
wanted
69%
bed
67%
down
67%
fears
67%
into
67%
spent
67%
turned
67%
water
67%
avalanche?
65%
lights
65%
mess
65%
mess,
65%
room
65%
rushes
65%
take
65%
burned
63%
hold
63%
spite
63%
went
63%
darling,
61%
divide
61%
gravity
61%
keeping
61%
putting
61%
sacred
59%
paces
57%
talking,
57%
People
55%
started
55%
Swaying
55%
(Ooh,
39%

Score Distribution

Percentile by Number Answered

Percent of People with Each Score

Your Score History

You have not taken this quiz